MARC details
| 000 -CABECERA |
| campo de control de longitud fija |
00829nam a22002417a 4500 |
| 003 - IDENTIFICADOR DEL NÚMERO DE CONTROL |
| campo de control |
DO-SdBNP |
| 005 - FECHA Y HORA DE LA ÚLTIMA TRANSACCIÓN |
| campo de control |
20250205092106.0 |
| 007 - CAMPO FIJO DE DESCRIPCIÓN FÍSICA--INFORMACIÓN GENERAL |
| campo de control de longitud fija |
ta |
| 008 - DATOS DE LONGITUD FIJA--INFORMACIÓN GENERAL |
| campo de control de longitud fija |
210914e2015 dr a|||jr|||| 00| j spa d |
| 020 ## - NÚMERO INTERNACIONAL ESTÁNDAR DEL LIBRO |
| Número Internacional Estándar del Libro |
9789945885088 |
| 040 ## - FUENTE DE LA CATALOGACIÓN |
| Centro catalogador/agencia de origen |
DO-SdBNP |
| Lengua de catalogación |
spa |
| Centro/agencia transcriptor |
BNPHU |
| 082 #4 - NÚMERO DE LA CLASIFICACIÓN DECIMAL DEWEY |
| Número de edición |
22 |
| Número de documento/Ítem |
R934u |
| 100 1# - ENTRADA PRINCIPAL--NOMBRE DE PERSONA |
| Nombre de persona |
Ruiz de Catrain, María Teresa |
| 9 (RLIN) |
22649 |
| 245 10 - MENCIÓN DE TÍTULO |
| Título |
Un canto a la natividad / |
| Mención de responsabilidad, etc. |
María Teresa Ruiz de Catrain, Moisés Féliz, il. |
| 260 ## - PUBLICACIÓN, DISTRIBUCIÓN, ETC. |
| Lugar de publicación, distribución, etc. |
[Santo Domingo] : |
| Nombre del editor, distribuidor, etc. |
Amigo del Hogar, |
| Fecha de publicación, distribución, etc. |
2015 |
| 300 ## - DESCRIPCIÓN FÍSICA |
| Extensión |
48 p.: |
| Otras características físicas |
il.; |
| Dimensiones |
27 cm |
| 490 ## - MENCIÓN DE SERIE |
| Mención de serie |
Arte Libro BHD León: |
| Designación de volumen o secuencia |
Una Estrella, Un Camino y el Portal |
| 500 ## - NOTA GENERAL |
| Nota general |
Edición limitada y numerada. |
| 500 ## - NOTA GENERAL |
| Nota general |
Edición con versión en audio. |
| 590 ## - NOTA LOCAL (RLIN) |
| Nota local |
Inventariado 2021 / MF |
| 830 ## - PUNTO DE ACCESO ADICIONAL DE SERIE-TÍTULO UNIFORME |
| Título uniforme |
Arte Libro BHD León: |
| Lenguaje de la obra |
spa |
| Nombre de parte o sección de la obra |
Una Estrella, Un Camino y el Portal |
| 9 (RLIN) |
79882 |
| 942 ## - ELEMENTOS DE PUNTO DE ACCESO ADICIONAL (KOHA) |
| Fuente del sistema de clasificación o colocación |
Dewey Decimal Classification |
| Tipo de ítem Koha |
Libro |